A dónde va Indoamérica?

Сохранить в:
Библиографические подробности
Главный автор: Haya de la Torre, Victor Raúl (Автор)
Формат:
Язык:испанский
Опубликовано: Santiago Ercilla 1935
Серии:Biblioteca América, 15
Предметы:
Метки: Добавить метку
Нет меток, Требуется 1-ая метка записи!

MARC

LEADER 00000nam a2200000 a 4500
001 UCI5368
003 CL-VaPUC
008 080320e19350000CL |||||||||||||||||spa|d
082 0 4 |a 306.098  |b HAY  |2 21 
100 0 |a Haya de la Torre, Victor Raúl  |e author  |9 332181 
245 1 0 |a A dónde va Indoamérica? 
300 |a 280 p 
942 |c BK 
945 |d 20080320 00:00:00  |a jtorresc 
260 |a Santiago  |b Ercilla  |c 1935 
650 7 |a INDOAMERICA  |2 CL-VaPUC  |9 439180 
650 7 |a PARAMERICANISMO  |2 CL-VaPUC  |9 527691 
650 0 |a Historia social  |9 313638 
650 0 |a Imperialismo  |9 258264 
650 0 |a Política social  |9 257588 
650 0 |a Política económica   |9 255029 
651 0 |a América Latina   |9 255027 
583 |a last modification  |c 20170807 12:22:45  |k Rodrigo Vera 
490 0 |a Biblioteca América, 15 
999 |c 329120  |d 329118 
952 |0 0  |1 0  |4 0  |6 306_098000000000000_HAY_1935  |7 0  |8 A  |9 413449  |a BIBHIS  |b BIBHIS  |d 2019-11-22  |i 4416341  |o 306.098 HAY 1935  |p 4416341  |r 2025-01-20  |w 2019-11-22  |y BK  |k HIS